Fargo (1996) Cast - Statistics

General Stats
  • This quiz has been taken 9 times
  • The average score is 4 of 8
Answer Stats
Hint Answer % Correct
Marge Gunderson Frances McDormand
100%
Jerry Lundegaard William H. Macy
100%
Carl Showalter Steve Buscemi
88%
Gaear Grimsrud Peter Stormare
63%
Norm Gunderson John Carroll Lynch
25%
Mike Yanagita Steve Park
25%
Wade Gustafson Harve Presnell
13%
Shep Proudfoot Steve Reevis
13%
No matching quizzes found
Score Distribution
Percent of People with Each Score
Percentile by Number Answered
Your Score History
You have not taken this quiz